[Event "ODJM B 2025"]
[Site "Willingen GER"]
[Date "2025.06.12"]
[Round "7"]
[White "Borukhson, Benjamin Joel"]
[Black "Aguike, Chidera"]
[Result "1-0"]
[Termination "normal"]
[Board "2"]
[WhiteElo "1717"]
[BlackElo "1838"]
[WhiteClock "00:34:37"]
[BlackClock "00:23:34"]
[PlyCount "160"]
[WhiteFideId "34612920"]
[BlackFideId "34611339"]
[EventCountry "GER"]
[EventRounds "9"]
[EventType "swiss"]
[EventDate "2025.06.07"]

1. e4 {[%clk 01:30:56]} {[%emt 00:00:04]} e5 {[%clk 01:30:57]} {[%emt
00:00:03]} 2. Nf3 {[%clk 01:31:21]} {[%emt 00:00:05]} Nc6 {[%clk 01:31:24]}
{[%emt 00:00:03]} 3. d4 {[%clk 01:31:47]} {[%emt 00:00:04]} exd4 {[%clk
01:31:51]} {[%emt 00:00:03]} 4. Bc4 {[%clk 01:32:14]} {[%emt 00:00:03]} Bb4+
{[%clk 01:32:16]} {[%emt 00:00:06]} 5. c3 {[%clk 01:32:37]} {[%emt 00:00:07]}
dxc3 {[%clk 01:32:43]} {[%emt 00:00:03]} 6. O-O {[%clk 01:33:02]} {[%emt
00:00:06]} cxb2 {[%clk 01:26:43]} {[%emt 00:06:30]} 7. Bxb2 {[%clk 01:33:25]}
{[%emt 00:00:06]} Nf6 {[%clk 01:23:28]} {[%emt 00:03:45]} 8. e5 {[%clk
01:30:17]} {[%emt 00:03:38]} Nh5 {[%clk 01:15:24]} {[%emt 00:08:34]} 9. Nd4
{[%clk 01:21:01]} {[%emt 00:09:45]} Qg5 {[%clk 01:10:51]} {[%emt 00:05:03]} 10.
Nxc6 {[%clk 01:16:25]} {[%emt 00:05:06]} dxc6 {[%clk 01:06:56]} {[%emt
00:04:26]} 11. Qb3 {[%clk 01:15:19]} {[%emt 00:01:36]} Be7 {[%clk 01:01:49]}
{[%emt 00:05:38]} 12. Bxf7+ {[%clk 01:13:02]} {[%emt 00:02:46]} Kf8 {[%clk
01:02:12]} {[%emt 00:00:06]} 13. e6 {[%clk 01:10:27]} {[%emt 00:03:05]} Nf6
{[%clk 00:59:07]} {[%emt 00:03:35]} 14. Rd1 {[%clk 01:02:30]} {[%emt 00:08:27]}
h5 {[%clk 00:50:27]} {[%emt 00:09:11]} 15. Nd2 {[%clk 01:00:24]} {[%emt
00:02:35]} Qb5 {[%clk 00:41:49]} {[%emt 00:09:09]} 16. Qc3 {[%clk 00:52:31]}
{[%emt 00:08:22]} Qb4 {[%clk 00:31:24]} {[%emt 00:10:55]} 17. Nf3 {[%clk
00:49:12]} {[%emt 00:03:48]} Qxc3 {[%clk 00:29:45]} {[%emt 00:02:10]} 18. Bxc3
{[%clk 00:49:24]} {[%emt 00:00:19]} Ne4 {[%clk 00:26:31]} {[%emt 00:03:43]} 19.
Ne5 {[%clk 00:49:07]} {[%emt 00:00:48]} Bxe6 {[%clk 00:26:07]} {[%emt
00:00:55]} 20. Bxe6 {[%clk 00:49:16]} {[%emt 00:00:20]} Rh6 {[%clk 00:25:37]}
{[%emt 00:01:00]} 21. Bf5 {[%clk 00:41:40]} {[%emt 00:08:04]} Nxc3 {[%clk
00:25:06]} {[%emt 00:01:04]} 22. Rd7 {[%clk 00:41:52]} {[%emt 00:00:17]} Bf6
{[%clk 00:20:29]} {[%emt 00:05:07]} 23. Re1 {[%clk 00:35:44]} {[%emt 00:06:35]}
Bxe5 {[%clk 00:13:10]} {[%emt 00:07:52]} 24. Rxe5 {[%clk 00:36:06]} {[%emt
00:00:08]} Rd6 {[%clk 00:13:16]} {[%emt 00:00:24]} 25. Ree7 {[%clk 00:33:49]}
{[%emt 00:02:48]} Rxd7 {[%clk 00:13:28]} {[%emt 00:00:18]} 26. Rxd7 {[%clk
00:34:10]} {[%emt 00:00:09]} Re8 {[%clk 00:13:09]} {[%emt 00:00:49]} 27. g3
{[%clk 00:33:45]} {[%emt 00:00:54]} Re7 {[%clk 00:11:43]} {[%emt 00:01:57]} 28.
Rd3 {[%clk 00:33:23]} {[%emt 00:00:52]} Nd5 {[%clk 00:11:19]} {[%emt 00:00:55]}
29. Bg6 {[%clk 00:32:53]} {[%emt 00:00:58]} Re2 {[%clk 00:10:25]} {[%emt
00:01:26]} 30. Ra3 {[%clk 00:31:24]} {[%emt 00:01:58]} a6 {[%clk 00:08:55]}
{[%emt 00:02:00]} 31. Bxh5 {[%clk 00:31:40]} {[%emt 00:00:13]} Rb2 {[%clk
00:08:18]} {[%emt 00:01:09]} 32. Bg6 {[%clk 00:31:28]} {[%emt 00:00:41]} Ke7
{[%clk 00:08:14]} {[%emt 00:00:34]} 33. h4 {[%clk 00:31:19]} {[%emt 00:00:39]}
Kf6 {[%clk 00:08:30]} {[%emt 00:00:16]} 34. h5 {[%clk 00:31:27]} {[%emt
00:00:21]} c5 {[%clk 00:07:49]} {[%emt 00:01:12]} 35. Rf3+ {[%clk 00:29:50]}
{[%emt 00:02:06]} Ke5 {[%clk 00:07:44]} {[%emt 00:00:36]} 36. Rf7 {[%clk
00:29:53]} {[%emt 00:00:27]} c6 {[%clk 00:05:42]} {[%emt 00:02:32]} 37. Rxg7
{[%clk 00:29:56]} {[%emt 00:00:27]} Nf6 {[%clk 00:04:56]} {[%emt 00:01:16]} 38.
h6 {[%clk 00:28:22]} {[%emt 00:02:03]} c4 {[%clk 00:04:50]} {[%emt 00:00:36]}
39. Re7+ {[%clk 00:26:59]} {[%emt 00:01:53]} Kd6 {[%clk 00:04:12]} {[%emt
00:01:09]} 40. Re3 {[%clk 00:24:56]} {[%emt 00:02:33]} Rxa2 {[%clk 00:03:36]}
{[%emt 00:01:07]} 41. Bf5 {[%clk 00:23:53]} {[%emt 00:01:30]} c3 {[%clk
00:03:16]} {[%emt 00:00:52]} 42. Rxc3 {[%clk 00:22:06]} {[%emt 00:02:17]} Ke7
{[%clk 00:02:54]} {[%emt 00:00:52]} 43. h7 {[%clk 00:17:18]} {[%emt 00:05:18]}
Nxh7 {[%clk 00:03:11]} {[%emt 00:00:13]} 44. Bxh7 {[%clk 00:17:44]} {[%emt
00:00:03]} Rd2 {[%clk 00:03:00]} {[%emt 00:00:42]} 45. Be4 {[%clk 00:16:41]}
{[%emt 00:01:31]} Rd6 {[%clk 00:02:22]} {[%emt 00:01:09]} 46. f4 {[%clk
00:16:01]} {[%emt 00:01:10]} Rd4 {[%clk 00:01:04]} {[%emt 00:01:49]} 47. Bc2
{[%clk 00:14:25]} {[%emt 00:02:04]} Rd2 {[%clk 00:01:03]} {[%emt 00:00:32]} 48.
Be4 {[%clk 00:14:32]} {[%emt 00:00:24]} Rd4 {[%clk 00:01:24]} {[%emt 00:00:09]}
49. Bf3 {[%clk 00:14:47]} {[%emt 00:00:15]} Kd6 {[%clk 00:01:18]} {[%emt
00:00:35]} 50. Kf2 {[%clk 00:14:22]} {[%emt 00:00:54]} Ra4 {[%clk 00:00:36]}
{[%emt 00:01:14]} 51. f5 {[%clk 00:14:42]} {[%emt 00:00:09]} Ke5 {[%clk
00:00:45]} {[%emt 00:00:21]} 52. g4 {[%clk 00:14:49]} {[%emt 00:00:22]} Kf4
{[%clk 00:27:25]} {[%emt 00:03:52]} 53. f6 {[%clk 00:44:54]} {[%emt 00:00:25]}
Kg5 {[%clk 00:27:47]} {[%emt 00:00:09]} 54. Bxc6 {[%clk 00:39:48]} {[%emt
00:05:36]} Ra2+ {[%clk 00:26:11]} {[%emt 00:02:06]} 55. Kg3 {[%clk 00:39:41]}
{[%emt 00:00:34]} Kxf6 {[%clk 00:25:46]} {[%emt 00:00:56]} 56. Bxb7 {[%clk
00:40:06]} {[%emt 00:00:05]} a5 {[%clk 00:26:02]} {[%emt 00:00:15]} 57. Rc6+
{[%clk 00:38:50]} {[%emt 00:01:45]} Kg5 {[%clk 00:25:51]} {[%emt 00:00:41]} 58.
Rc5+ {[%clk 00:39:10]} {[%emt 00:00:10]} Kf6 {[%clk 00:24:54]} {[%emt
00:01:26]} 59. Bc8 {[%clk 00:39:28]} {[%emt 00:00:13]} a4 {[%clk 00:25:02]}
{[%emt 00:00:23]} 60. Ra5 {[%clk 00:39:34]} {[%emt 00:00:22]} a3 {[%clk
00:25:20]} {[%emt 00:00:14]} 61. Bf5 {[%clk 00:39:30]} {[%emt 00:00:31]} Ra1
{[%clk 00:25:26]} {[%emt 00:00:26]} 62. Kf2 {[%clk 00:39:41]} {[%emt 00:00:19]}
Kg7 {[%clk 00:24:57]} {[%emt 00:00:59]} 63. Be6 {[%clk 00:36:29]} {[%emt
00:03:35]} Kf6 {[%clk 00:25:12]} {[%emt 00:00:23]} 64. Bb3 {[%clk 00:35:35]}
{[%emt 00:01:17]} Rc1 {[%clk 00:23:53]} {[%emt 00:01:56]} 65. Rxa3 {[%clk
00:35:18]} {[%emt 00:00:48]} Rc3 {[%clk 00:23:51]} {[%emt 00:00:31]} 66. Ra6+
{[%clk 00:35:07]} {[%emt 00:00:41]} Kg5 {[%clk 00:24:06]} {[%emt 00:00:15]} 67.
Be6 {[%clk 00:35:24]} {[%emt 00:00:09]} Kf4 {[%clk 00:24:24]} {[%emt 00:00:15]}
68. Ra4+ {[%clk 00:34:21]} {[%emt 00:01:34]} Ke5 {[%clk 00:24:06]} {[%emt
00:00:47]} 69. Bf5 {[%clk 00:34:39]} {[%emt 00:00:09]} Rb3 {[%clk 00:24:12]}
{[%emt 00:00:25]} 70. Re4+ {[%clk 00:34:54]} {[%emt 00:00:16]} Kf6 {[%clk
00:24:29]} {[%emt 00:00:15]} 71. Re3 {[%clk 00:35:16]} {[%emt 00:00:08]} Rb4
{[%clk 00:24:41]} {[%emt 00:00:14]} 72. Kf3 {[%clk 00:35:27]} {[%emt 00:00:22]}
Rb6 {[%clk 00:24:02]} {[%emt 00:01:10]} 73. Kf4 {[%clk 00:35:38]} {[%emt
00:00:17]} Rb2 {[%clk 00:23:59]} {[%emt 00:00:34]} 74. Re6+ {[%clk 00:35:50]}
{[%emt 00:00:19]} Kf7 {[%clk 00:24:18]} {[%emt 00:00:11]} 75. Kg5 {[%clk
00:35:52]} {[%emt 00:00:29]} Rb8 {[%clk 00:24:06]} {[%emt 00:00:38]} 76. Ra6
{[%clk 00:35:37]} {[%emt 00:00:49]} Rb7 {[%clk 00:23:57]} {[%emt 00:00:39]} 77.
Rh6 {[%clk 00:35:18]} {[%emt 00:00:49]} Rb5 {[%clk 00:24:06]} {[%emt 00:00:21]}
78. Rh7+ {[%clk 00:34:38]} {[%emt 00:01:09]} Kg8 {[%clk 00:23:31]} {[%emt
00:01:06]} 79. Rc7 {[%clk 00:34:55]} {[%emt 00:00:08]} Rb2 {[%clk 00:23:45]}
{[%emt 00:00:21]} 80. Kf6 {[%clk 00:34:37]} {[%emt 00:00:48]} Rg2 {[%clk
00:23:34]} {[%emt 00:00:39]} 1-0

[Event "ODJM B 2025"]
[Site "Willingen GER"]
[Date "2025.06.12"]
[Round "7"]
[White "Fischermann, Simon"]
[Black "Negru, Maximilian"]
[Result "1-0"]
[Termination "normal"]
[Board "3"]
[WhiteElo "1847"]
[BlackElo "1694"]
[WhiteClock "01:02:14"]
[BlackClock "00:00:35"]
[PlyCount "53"]
[WhiteFideId "34620869"]
[BlackFideId "16298136"]
[EventCountry "GER"]
[EventRounds "9"]
[EventType "swiss"]
[EventDate "2025.06.07"]

1. e4 {[%clk 01:30:40]} {[%emt 00:00:05]} c5 {[%clk 01:30:47]} {[%emt
00:00:27]} 2. Nc3 {[%clk 01:31:04]} {[%emt 00:00:06]} e6 {[%clk 01:30:55]}
{[%emt 00:00:23]} 3. f4 {[%clk 01:31:28]} {[%emt 00:00:06]} d5 {[%clk
01:31:15]} {[%emt 00:00:09]} 4. Nf3 {[%clk 01:31:47]} {[%emt 00:00:12]} d4
{[%clk 01:31:37]} {[%emt 00:00:09]} 5. Bb5+ {[%clk 01:30:44]} {[%emt 00:01:31]}
Nd7 {[%clk 01:31:23]} {[%emt 00:00:45]} 6. Ne2 {[%clk 01:30:53]} {[%emt
00:00:20]} a6 {[%clk 01:31:47]} {[%emt 00:00:07]} 7. Bd3 {[%clk 01:31:10]}
{[%emt 00:00:13]} b5 {[%clk 01:31:41]} {[%emt 00:00:36]} 8. b3 {[%clk
01:31:25]} {[%emt 00:00:15]} Bb7 {[%clk 01:31:07]} {[%emt 00:01:05]} 9. Ng3
{[%clk 01:31:00]} {[%emt 00:00:54]} Bd6 {[%clk 01:29:14]} {[%emt 00:02:23]} 10.
e5 {[%clk 01:31:14]} {[%emt 00:00:18]} Bf8 {[%clk 01:26:37]} {[%emt 00:03:07]}
11. c3 {[%clk 01:26:42]} {[%emt 00:05:01]} Rc8 {[%clk 01:15:15]} {[%emt
00:11:52]} 12. O-O {[%clk 01:19:43]} {[%emt 00:07:30]} c4 {[%clk 01:11:10]}
{[%emt 00:04:35]} 13. Be4 {[%clk 01:19:13]} {[%emt 00:00:59]} dxc3 {[%clk
01:09:02]} {[%emt 00:02:39]} 14. dxc3 {[%clk 01:09:00]} {[%emt 00:10:42]} cxb3
{[%clk 01:06:41]} {[%emt 00:02:52]} 15. Bxb7 {[%clk 01:07:03]} {[%emt
00:02:26]} Qb6+ {[%clk 01:06:15]} {[%emt 00:00:56]} 16. Be3 {[%clk 01:05:48]}
{[%emt 00:01:45]} Qxe3+ {[%clk 00:44:09]} {[%emt 00:22:36]} 17. Kh1 {[%clk
01:06:16]} {[%emt 00:00:02]} Rxc3 {[%clk 00:41:40]} {[%emt 00:03:00]} 18. Bxa6
{[%clk 01:04:55]} {[%emt 00:01:51]} Qb6 {[%clk 00:23:30]} {[%emt 00:18:39]} 19.
axb3 {[%clk 01:04:54]} {[%emt 00:00:32]} Rc7 {[%clk 00:06:45]} {[%emt
00:17:15]} 20. Qd3 {[%clk 01:03:35]} {[%emt 00:01:49]} Ne7 {[%clk 00:03:31]}
{[%emt 00:03:45]} 21. Bxb5 {[%clk 01:02:21]} {[%emt 00:01:43]} Nd5 {[%clk
00:03:21]} {[%emt 00:00:41]} 22. Ra8+ {[%clk 01:02:12]} {[%emt 00:00:38]} Ke7
{[%clk 00:03:45]} {[%emt 00:00:06]} 23. Nf5+ {[%clk 01:02:24]} {[%emt
00:00:16]} exf5 {[%clk 00:03:59]} {[%emt 00:00:16]} 24. Qxd5 {[%clk 01:02:47]}
{[%emt 00:00:07]} Qe6 {[%clk 00:02:11]} {[%emt 00:02:19]} 25. Qd3 {[%clk
01:02:20]} {[%emt 00:00:57]} Qb6 {[%clk 00:00:31]} {[%emt 00:02:11]} 26. Rd1
{[%clk 01:01:54]} {[%emt 00:00:54]} Qe6 {[%clk 00:00:35]} {[%emt 00:00:27]} 27.
Qd6+ {[%clk 01:02:14]} 1-0

[Event "ODJM B 2025"]
[Site "Willingen GER"]
[Date "2025.06.12"]
[Round "7"]
[White "Lattreuter, Alexander"]
[Black "Berger, Friedrich Richard"]
[Result "0-1"]
[Termination "normal"]
[Board "4"]
[WhiteElo "1898"]
[BlackElo "1723"]
[WhiteClock "00:22:47"]
[BlackClock "00:05:16"]
[PlyCount "74"]
[WhiteFideId "34678387"]
[BlackFideId "34663169"]
[EventCountry "GER"]
[EventRounds "9"]
[EventType "swiss"]
[EventDate "2025.06.07"]

1. d4 {[%clk 01:30:47]} {[%emt 00:00:13]} d5 {[%clk 01:30:52]} {[%emt
00:00:09]} 2. Nf3 {[%clk 01:31:13]} {[%emt 00:00:04]} Nf6 {[%clk 01:31:14]}
{[%emt 00:00:08]} 3. Bf4 {[%clk 01:31:37]} {[%emt 00:00:05]} e6 {[%clk
01:31:25]} {[%emt 00:00:19]} 4. e3 {[%clk 01:31:55]} {[%emt 00:00:13]} Bd6
{[%clk 01:31:39]} {[%emt 00:00:15]} 5. Ne5 {[%clk 01:32:00]} {[%emt 00:00:25]}
O-O {[%clk 01:31:43]} {[%emt 00:00:25]} 6. Nd2 {[%clk 01:32:25]} {[%emt
00:00:06]} c5 {[%clk 01:30:52]} {[%emt 00:01:22]} 7. c3 {[%clk 01:32:27]}
{[%emt 00:00:28]} Nc6 {[%clk 01:29:44]} {[%emt 00:01:38]} 8. Bd3 {[%clk
01:32:38]} {[%emt 00:00:19]} Qc7 {[%clk 01:27:58]} {[%emt 00:02:17]} 9. Ndf3
{[%clk 01:32:36]} {[%emt 00:00:32]} Ne4 {[%clk 01:25:45]} {[%emt 00:02:43]} 10.
Qc2 {[%clk 01:30:28]} {[%emt 00:02:38]} cxd4 {[%clk 01:22:02]} {[%emt
00:04:13]} 11. exd4 {[%clk 01:30:44]} {[%emt 00:00:14]} f6 {[%clk 01:19:47]}
{[%emt 00:02:45]} 12. Bxe4 {[%clk 01:16:08]} {[%emt 00:15:06]} dxe4 {[%clk
01:19:49]} {[%emt 00:00:28]} 13. Qxe4 {[%clk 01:16:26]} {[%emt 00:00:11]} fxe5
{[%clk 01:19:51]} {[%emt 00:00:27]} 14. dxe5 {[%clk 01:16:36]} {[%emt
00:00:21]} Be7 {[%clk 01:15:11]} {[%emt 00:05:10]} 15. h4 {[%clk 01:15:46]}
{[%emt 00:01:21]} Qa5 {[%clk 01:05:10]} {[%emt 00:10:30]} 16. Ng5 {[%clk
01:11:47]} {[%emt 00:04:29]} Bxg5 {[%clk 01:03:14]} {[%emt 00:02:25]} 17. hxg5
{[%clk 01:12:12]} {[%emt 00:00:06]} g6 {[%clk 01:02:31]} {[%emt 00:01:13]} 18.
O-O-O {[%clk 01:10:34]} {[%emt 00:02:08]} Rd8 {[%clk 00:57:04]} {[%emt
00:05:57]} 19. Rde1 {[%clk 01:06:13]} {[%emt 00:04:51]} Bd7 {[%clk 00:52:31]}
{[%emt 00:05:03]} 20. Qf3 {[%clk 00:59:07]} {[%emt 00:07:36]} Rf8 {[%clk
00:48:05]} {[%emt 00:04:56]} 21. Rh6 {[%clk 00:58:09]} {[%emt 00:01:29]} Qxa2
{[%clk 00:34:52]} {[%emt 00:13:43]} 22. Qe4 {[%clk 00:57:46]} {[%emt 00:00:53]}
Kg7 {[%clk 00:33:14]} {[%emt 00:02:08]} 23. Reh1 {[%clk 00:57:00]} {[%emt
00:01:16]} Rh8 {[%clk 00:32:03]} {[%emt 00:01:41]} 24. Be3 {[%clk 00:56:52]}
{[%emt 00:00:38]} Na5 {[%clk 00:28:28]} {[%emt 00:04:05]} 25. Qb4 {[%clk
00:51:52]} {[%emt 00:05:31]} Rae8 {[%clk 00:22:03]} {[%emt 00:06:56]} 26. R6h4
{[%clk 00:46:52]} {[%emt 00:05:30]} Bc6 {[%clk 00:17:47]} {[%emt 00:04:46]} 27.
Bxa7 {[%clk 00:32:57]} {[%emt 00:14:43]} Nb3+ {[%clk 00:16:34]} {[%emt
00:01:42]} 28. Kc2 {[%clk 00:33:17]} {[%emt 00:00:10]} Na1+ {[%clk 00:15:31]}
{[%emt 00:01:33]} 29. Rxa1 {[%clk 00:32:34]} {[%emt 00:01:13]} Qxa1 {[%clk
00:15:43]} {[%emt 00:00:18]} 30. Bc5 {[%clk 00:31:59]} {[%emt 00:01:05]} b5
{[%clk 00:11:23]} {[%emt 00:04:51]} 31. b3 {[%clk 00:25:48]} {[%emt 00:06:41]}
Qa2+ {[%clk 00:09:52]} {[%emt 00:02:01]} 32. Kc1 {[%clk 00:24:41]} {[%emt
00:01:36]} Qa1+ {[%clk 00:09:08]} {[%emt 00:01:15]} 33. Kc2 {[%clk 00:25:07]}
{[%emt 00:00:04]} Ra8 {[%clk 00:08:38]} {[%emt 00:01:00]} 34. Bd4 {[%clk
00:21:58]} {[%emt 00:03:39]} Ra2+ {[%clk 00:08:28]} {[%emt 00:00:40]} 35. Kd3
{[%clk 00:22:24]} {[%emt 00:00:04]} Qd1+ {[%clk 00:06:40]} {[%emt 00:02:16]}
36. Ke3 {[%clk 00:22:46]} {[%emt 00:00:10]} Qc1+ {[%clk 00:05:16]} {[%emt
00:01:54]} 37. Kd3 {[%clk 00:22:47]} {[%emt 00:00:28]} Qd2# {[%emt 00:00:09]}
0-1

[Event "ODJM B 2025"]
[Site "Willingen GER"]
[Date "2025.06.12"]
[Round "7"]
[White "Rutkowski, Lian"]
[Black "Christen, Jan"]
[Result "1-0"]
[Termination "normal"]
[Board "5"]
[WhiteElo "1815"]
[BlackElo "1809"]
[WhiteClock "00:45:59"]
[BlackClock "00:00:34"]
[PlyCount "51"]
[WhiteFideId "34650539"]
[BlackFideId "34643320"]
[EventCountry "GER"]
[EventRounds "9"]
[EventType "swiss"]
[EventDate "2025.06.07"]

1. d4 {[%clk 01:30:58]} d5 {[%clk 01:30:42]} {[%emt 00:00:19]} 2. c4 {[%clk
01:31:23]} {[%emt 00:00:05]} c6 {[%clk 01:30:53]} {[%emt 00:00:19]} 3. Nf3
{[%clk 01:31:49]} {[%emt 00:00:04]} Nf6 {[%clk 01:31:01]} {[%emt 00:00:22]} 4.
Nc3 {[%clk 01:32:13]} {[%emt 00:00:05]} e6 {[%clk 01:31:22]} {[%emt 00:00:10]}
5. e3 {[%clk 01:32:38]} {[%emt 00:00:05]} Bd6 {[%clk 01:30:51]} {[%emt
00:01:00]} 6. Qc2 {[%clk 01:32:52]} {[%emt 00:00:16]} O-O {[%clk 01:31:06]}
{[%emt 00:00:16]} 7. b3 {[%clk 01:33:16]} {[%emt 00:00:06]} Nbd7 {[%clk
01:31:01]} {[%emt 00:00:35]} 8. Be2 {[%clk 01:33:41]} {[%emt 00:00:05]} b6
{[%clk 01:23:48]} {[%emt 00:07:43]} 9. O-O {[%clk 01:33:01]} {[%emt 00:01:11]}
Re8 {[%clk 01:23:53]} {[%emt 00:00:24]} 10. Bb2 {[%clk 01:32:12]} {[%emt
00:01:19]} Bb7 {[%clk 01:23:49]} {[%emt 00:00:34]} 11. cxd5 {[%clk 01:30:11]}
{[%emt 00:02:31]} cxd5 {[%clk 01:23:05]} {[%emt 00:01:14]} 12. Bd3 {[%clk
01:29:17]} {[%emt 00:01:24]} Rc8 {[%clk 01:22:25]} {[%emt 00:01:09]} 13. Rac1
{[%clk 01:29:22]} {[%emt 00:00:26]} e5 {[%clk 01:19:01]} {[%emt 00:03:54]} 14.
dxe5 {[%clk 01:29:09]} {[%emt 00:00:44]} Nxe5 {[%clk 01:19:05]} {[%emt
00:00:26]} 15. Qe2 {[%clk 01:25:55]} {[%emt 00:03:43]} d4 {[%clk 01:08:37]}
{[%emt 00:10:58]} 16. Nxd4 {[%clk 01:25:05]} {[%emt 00:01:21]} Nxd3 {[%clk
01:06:35]} {[%emt 00:02:31]} 17. Qxd3 {[%clk 01:25:27]} {[%emt 00:00:08]} Bxh2+
{[%clk 01:05:19]} {[%emt 00:01:45]} 18. Kxh2 {[%clk 01:22:10]} {[%emt
00:03:48]} Ng4+ {[%clk 01:03:14]} {[%emt 00:02:35]} 19. Kg3 {[%clk 01:14:03]}
{[%emt 00:08:38]} Ne5 {[%clk 00:20:12]} {[%emt 00:43:31]} 20. Qf5 {[%clk
01:11:24]} {[%emt 00:03:10]} Nd3 {[%clk 00:19:24]} {[%emt 00:01:18]} 21. Kh2
{[%clk 00:49:13]} {[%emt 00:22:41]} Rc5 {[%clk 00:12:11]} {[%emt 00:07:43]} 22.
Qxd3 {[%clk 00:46:59]} {[%emt 00:02:44]} Qh4+ {[%clk 00:11:32]} {[%emt
00:01:09]} 23. Kg1 {[%clk 00:47:06]} {[%emt 00:00:23]} Rh5 {[%clk 00:11:36]}
{[%emt 00:00:25]} 24. f3 {[%clk 00:47:08]} {[%emt 00:00:28]} Ree5 {[%clk
00:00:40]} {[%emt 00:11:27]} 25. Ne4 {[%clk 00:45:59]} {[%emt 00:01:39]} Bxe4
{[%clk 00:00:34]} {[%emt 00:00:37]} 26. Rc8+ {[%emt 00:00:52]} 1-0

[Event "ODJM B 2025"]
[Site "Willingen GER"]
[Date "2025.06.12"]
[Round "7"]
[White "Sniegowski, Richard"]
[Black "Kaufmann, Ben"]
[Result "1/2-1/2"]
[Termination "normal"]
[Board "6"]
[WhiteElo "1887"]
[BlackElo "1801"]
[WhiteClock "00:17:50"]
[BlackClock "00:08:20"]
[PlyCount "56"]
[WhiteFideId "34664181"]
[BlackFideId "34687068"]
[EventCountry "GER"]
[EventRounds "9"]
[EventType "swiss"]
[EventDate "2025.06.07"]

1. e4 {[%clk 01:30:59]} e6 {[%clk 01:30:56]} {[%emt 00:00:05]} 2. d4 {[%clk
01:31:26]} {[%emt 00:00:03]} d5 {[%clk 01:31:23]} {[%emt 00:00:03]} 3. Bd3
{[%clk 01:31:53]} {[%emt 00:00:03]} dxe4 {[%clk 01:31:44]} {[%emt 00:00:09]} 4.
Bxe4 {[%clk 01:32:16]} {[%emt 00:00:07]} Nf6 {[%clk 01:32:09]} {[%emt
00:00:05]} 5. Bf3 {[%clk 01:32:42]} {[%emt 00:00:03]} c5 {[%clk 01:32:05]}
{[%emt 00:00:35]} 6. Ne2 {[%clk 01:33:07]} {[%emt 00:00:04]} Nc6 {[%clk
01:32:13]} {[%emt 00:00:23]} 7. Be3 {[%clk 01:33:30]} {[%emt 00:00:07]} cxd4
{[%clk 01:31:22]} {[%emt 00:01:21]} 8. Nxd4 {[%clk 01:33:47]} {[%emt 00:00:12]}
Ne5 {[%clk 01:31:31]} {[%emt 00:00:22]} 9. Nc3 {[%clk 01:20:26]} {[%emt
00:13:51]} a6 {[%clk 01:19:19]} {[%emt 00:12:42]} 10. Qe2 {[%clk 01:10:15]}
{[%emt 00:10:40]} Nxf3+ {[%clk 01:10:50]} {[%emt 00:08:59]} 11. Qxf3 {[%clk
01:09:17]} {[%emt 00:01:29]} Bb4 {[%clk 01:09:42]} {[%emt 00:01:38]} 12. O-O-O
{[%clk 01:00:09]} {[%emt 00:09:39]} Qc7 {[%clk 00:58:32]} {[%emt 00:11:38]} 13.
Bf4 {[%clk 00:50:12]} {[%emt 00:10:26]} Qc4 {[%clk 00:50:27]} {[%emt 00:08:36]}
14. Nde2 {[%clk 00:45:05]} {[%emt 00:05:36]} Bxc3 {[%clk 00:41:54]} {[%emt
00:09:05]} 15. Nxc3 {[%clk 00:44:54]} {[%emt 00:00:41]} O-O {[%clk 00:37:05]}
{[%emt 00:05:19]} 16. h3 {[%clk 00:38:07]} {[%emt 00:07:17]} Qc6 {[%clk
00:31:27]} {[%emt 00:06:07]} 17. Qd3 {[%clk 00:30:29]} {[%emt 00:08:06]} b5
{[%clk 00:27:22]} {[%emt 00:04:39]} 18. Be5 {[%clk 00:29:48]} {[%emt 00:01:10]}
Nd7 {[%clk 00:25:49]} {[%emt 00:02:03]} 19. Rhe1 {[%clk 00:24:17]} {[%emt
00:06:01]} b4 {[%clk 00:21:37]} {[%emt 00:04:43]} 20. Nb1 {[%clk 00:24:26]}
{[%emt 00:00:20]} Nxe5 {[%clk 00:20:19]} {[%emt 00:01:48]} 21. Rxe5 {[%clk
00:24:53]} {[%emt 00:00:03]} a5 {[%clk 00:18:19]} {[%emt 00:02:30]} 22. Qb5
{[%clk 00:23:19]} {[%emt 00:02:04]} Bb7 {[%clk 00:14:20]} {[%emt 00:04:29]} 23.
g3 {[%clk 00:22:35]} {[%emt 00:01:14]} Qxb5 {[%clk 00:12:54]} {[%emt 00:01:56]}
24. Rxb5 {[%clk 00:23:02]} {[%emt 00:00:03]} Bd5 {[%clk 00:12:55]} {[%emt
00:00:29]} 25. Nd2 {[%clk 00:19:54]} {[%emt 00:03:37]} Rfc8 {[%clk 00:12:35]}
{[%emt 00:00:48]} 26. Kb1 {[%clk 00:20:05]} {[%emt 00:00:21]} Kf8 {[%clk
00:12:09]} {[%emt 00:00:56]} 27. Nf1 {[%clk 00:18:33]} {[%emt 00:02:03]} Bf3
{[%clk 00:08:20]} {[%emt 00:04:11]} 28. Re1 {[%clk 00:17:50]} {[%emt 00:01:20]}
Bg2 {[%emt 00:01:40]} 1/2-1/2